000 00658nam a22002297a 4500
003 UA-OsUOA
001 53363
007 ta
008 20080331b un ||||| |||| 00| 0 ukr d
100 _aКалінчук Ф.
090 _a82-91
_bК17
942 _cBK
040 _aUA-OsUOA
_bukr
_cUA-OsUOA
_dUA-OsUOA
245 _aПаростки тверезого життя (книга для сімейного читання)
300 _a152 с.
955 _a3
041 _aukr
080 _a82-91
260 _aТернопіль
_bАстон
_c2007
650 7 _a82 Література. Літературознавство
_2UDC
999 _c339433
_d339433